[Event "Madrid-B"]
[Site "Madrid"]
[Date "1993.??.??"]
[Round "?"]
[White "Rivera Kuzawka, Daniel"]
[Black "De la Cruz Lopez, Jesus"]
[Result "0-1"]
[WhiteElo "2440"]
[BlackElo "2365"]
[PlyCount "106"]
[EventDate "1993.06.??"]
[EventType "tourn"]
[EventRounds "9"]
[EventCountry "ESP"]
[SourceTitle "EXT 1997"]
[Source "ChessBase"]
[SourceDate "1996.11.15"]
[SourceVersion "1"]
[SourceVersionDate "1996.11.15"]
[SourceQuality "1"]

1. e4 e6 2. d4 d5 3. Nc3 dxe4 4. Nxe4 Bd7 5. Nf3 Bc6 6. Bd3 Nd7 7. 0-0 Ngf6 8. Neg5 Bd6 9. Qe2 h6 10. Ne4 Nxe4 11. Bxe4 Bxe4 12. Qxe4 c6 13. c4 0-0 14. Bd2 Nf6 15. Qe2 a5 16. Rad1 Qb8 17. Ne5 Rd8 18. Bf4 Ne8 19. Rd3 Qc8 20. Rfd1 Bxe5 21. Bxe5 b5 22. Rg3 f6 23. Bf4 e5 24. Bxh6 Qe6 25. b3 Ra7 26. Bc1 Rad7 27. cxb5 cxb5 28. Rgd3 Qf5 29. Bb2 Nc7 30. g3 Ne6 31. d5 e4 32. Re3 Ng5 33. h4 Nf3+ 34. Kg2 Rxd5 35. Rxd5 Qxd5 36. Bc3 f5 37. Bb2 Qd1 38. Qf1 Qxf1+ 39. Kxf1 Rd1+ 40. Kg2 Rg1+ 41. Kh3 Rh1+ 42. Kg2 Rg1+ 43. Kh3 Rh1+ 44. Kg2 Rh2+ 45. Kf1 Rh1+ 46. Kg2 Rg1+ 47. Kh3 b4 48. Re2 Kh7 49. Rc2 Ne1 50. Kh2 Rg2+ 51. Kh3 e3 52. Rc5 Rxf2 53. Rc1 Nf3 0-1

[Event "Ponferrada-chT"]
[Site "Ponferrada"]
[Date "1992.??.??"]
[Round "?"]
[White "Corral Blanco, Juan Antonio"]
[Black "De la Cruz Lopez, Jesus"]
[Result "1/2-1/2"]
[WhiteElo "2400"]
[BlackElo "2330"]
[PlyCount "103"]
[EventDate "1992.??.??"]
[EventType "team"]
[EventRounds "9"]
[EventCountry "ESP"]
[SourceTitle "EXT 2002"]
[Source "ChessBase"]
[SourceDate "2001.11.25"]
[SourceVersion "1"]
[SourceVersionDate "2001.11.25"]
[SourceQuality "1"]

1. d4 Nf6 2. c4 e6 3. Nc3 Bb4 4. e3 0-0 5. Nge2 d5 6. a3 Be7 7. cxd5 exd5 8. g3 c6 9. Bg2 Na6 10. 0-0 Nc7 11. Qc2 a6 12. Rd1 Nb5 13. f3 Nxc3 14. Nxc3 Be6 15. Na4 Nd7 16. e4 dxe4 17. fxe4 Bg4 18. Rf1 b5 19. Nc3 c5 20. d5 Ne5 21. Bf4 Bd6 22. Nd1 c4 23. Ne3 Qb6 24. Kh1 Bd7 25. Qc3 f6 26. Nc2 Rac8 27. Be3 Qd8 28. Nd4 Qe8 29. Bf4 Bc5 30. Rad1 Bg4 31. Rd2 Qe7 32. Qa5 Qa7 33. Bxe5 fxe5 34. Ne6 Rxf1+ 35. Bxf1 Be3 36. Rc2 Bd1 37. Qc3 Qf7 38. Bg2 Bxc2 39. Qxc2 a5 40. Qe2 Bb6 41. Bh3 c3 42. bxc3 Rxc3 43. Bf5 Rc1+ 44. Kg2 Rg1+ 45. Kh3 g6 46. Qc2 Qe8 47. Bg4 Rf1 48. Qc3 h5 49. Be2 Bd4 50. Qxa5 Rf2 51. Bxb5 Qe7 52. Qa8+ 1/2-1/2

[Event "Madrid-B"]
[Site "Madrid"]
[Date "1992.??.??"]
[Round "3"]
[White "De la Cruz Lopez, Jesus"]
[Black "Reyes Larena, Juan"]
[Result "0-1"]
[WhiteElo "2330"]
[BlackElo "2415"]
[PlyCount "94"]
[EventDate "1992.05.??"]
[EventType "tourn"]
[EventRounds "9"]
[EventCountry "ESP"]
[EventCategory "6"]
[SourceTitle "TD"]
[Source "ChessBase"]
[SourceDate "1994.03.01"]
[SourceVersion "1"]
[SourceVersionDate "1994.03.01"]
[SourceQuality "1"]

1. d4 Nf6 2. c4 g6 3. Nc3 Bg7 4. Nf3 0-0 5. g3 d6 6. Bg2 Nbd7 7. 0-0 e5 8. e4 c6 9. h3 Qb6 10. d5 Nc5 11. Qe2 cxd5 12. cxd5 Bd7 13. Be3 Rfc8 14. Rfc1 a5 15. Nd2 Ne8 16. b3 Qd8 17. Rab1 f5 18. Na4 Nxa4 19. bxa4 Rxc1+ 20. Rxc1 Bxa4 21. Nc4 Rc8 22. Qb2 b5 23. Nb6 Rxc1+ 24. Qxc1 f4 25. Nxa4 fxe3 26. Nb2 exf2+ 27. Kxf2 Qb6+ 28. Qe3 Qc7 29. Bf1 b4 30. Bb5 Qc2+ 31. Qe2 Qc5+ 32. Kf3 Nf6 33. Ba4 h5 34. Qe3 Qc8 35. Kg2 Kh7 36. Bc6 Qa6 37. Ba4 Bh6 38. Qf3 Kg7 39. Bb3 Qa7 40. Qd3 Be3 41. Nc4 Bc5 42. Ba4 h4 43. g4 Nh7 44. Nd2 Ng5 45. Qb5 Be3 46. Nf1 Qf7 47. Qe2 Bd4 0-1

[Event "Valladolid San Mateo op 04th"]
[Site "Valladolid"]
[Date "1986.09.20"]
[Round "6"]
[White "Hernando Pertierra, Jose Carlos"]
[Black "De la Cruz Lopez, Jesus"]
[Result "1/2-1/2"]
[WhiteElo "2365"]
[BlackElo "2305"]
[PlyCount "36"]
[EventDate "1986.09.15"]
[EventType "swiss"]
[EventRounds "6"]
[EventCountry "ESP"]
[SourceTitle "EXT 2009"]
[Source "ChessBase"]
[SourceDate "2008.11.26"]
[SourceVersion "1"]
[SourceVersionDate "2008.11.26"]
[SourceQuality "1"]

1. g3 Nf6 2. Bg2 d5 3. Nf3 e6 4. 0-0 Be7 5. d3 0-0 6. Nbd2 c5 7. e4 Nc6 8. Re1 b5 9. h4 a5 10. e5 Nd7 11. Nf1 Ba6 12. N1h2 b4 13. Ng4 Nd4 14. Bf4 Qb6 15. Bg5 Rfe8 16. Bxe7 Rxe7 17. Nxd4 cxd4 18. Qd2 Kh8 1/2-1/2